Orfografičeskij slovar' russkogo jazyka, 106 000 slov
Na minha lista:
| Formato: | Livro |
|---|---|
| Idioma: | russo |
| Publicado em: |
Moskva
Russkij jazyk
1983
|
| Edição: | 20. stereotip. izd. |
| Tags: |
Sem tags, seja o primeiro a adicionar uma tag!
|
MARC
| LEADER | 00000nam a2200000 4500 | ||
|---|---|---|---|
| 001 | c107368 | ||
| 005 | 20250901110818.9 | ||
| 041 | 0 | |a rus | |
| 044 | |a RU | ||
| 245 | 1 | 0 | |a Orfografičeskij slovar' russkogo jazyka, 106 000 slov |
| 250 | |a 20. stereotip. izd. | ||
| 264 | 1 | |a Moskva |b Russkij jazyk |c 1983 | |
| 300 | |a 477 s. | ||